Base de financiamento da previdência social : (Record no. 1447)

MARC details
000 -LÍDER
Campo Fixo de Controle 01356nam a2200313 a 4500
001 - NÚMERO DE CONTROLE
Campo de Controle 1447
003 - IDENTIFICAÇÃO DO NÚMERO DE CONTROLE
Campo de Controle BR-CuiBMT
005 - DATA E HORA DA ÚLTIMA ATUALIZAÇÃO
Campo de Controle 20231211213513.0
008 - DADOS FIXOS
Dados Fixos 231201s2003 dfba 000 0 por d
020 ## - INTERNATIONAL STANDARD BOOK NUMBER
Nº do ISBN 8588219247
040 ## - AGÊNCIA CATALOGADORA
Código da Agência Catalogadora BR-CuiBMT
Agência que transcreveu o registro BR-CuiBMT
080 ## - Nº DA CLASSIFICAÇÃO DECIMAL UNIVERSAL
Nº Class. CDU 005.521:364.3-624
Nº edição CDU 2007
090 ## - NÚMERO DE CHAMADA
Nº classificação 005.521:364.3-624
Cutter B823b
110 1# - ENTRADA PRINCIPAL -- ENTIDADE
Nome da entidade ou lugar Brasil.
Unidade subordinada Ministério da Previdência Social.
245 10 - TÍTULO PRINCIPAL
Título principal Base de financiamento da previdência social :
Subtítulo alternativas e perspectivas /
Indicação de responsabilidade Ministério da Previdência Social, Secretaria da Previdência Social ; [autores Ricardo Varsano ... et al.].
260 ## - PUBLICAÇÃO, DISTRIBUIÇÃO, ETC.
Local de publicação Brasília :
Editora MPS,
Data c2003.
300 ## - DESCRIÇÃO FÍSICA
N. páginas ou volumes 271 p. :
Ilustrações il. ;
Dimensões 23 cm
490 1# - INDICAÇÃO DE SÉRIE
Título da série Coleção previdência social :
-- Série estudos ;
Volume/designação sequencial da série v. 19
500 ## - NOTAS GERAIS
Notas gerais Contribuição de vários autores para o debate.
500 ## - NOTAS GERAIS
Notas gerais Seleção de trabalhos apresentados no workshop "Base de Financiamento Social: Alternativas e Perspectivas", realizado na cidade de Brasília-DF em 20 de março de 2003.
504 ## - NOTA DE BIBLIOGRAFIA, ETC.
Nota de bibliografia Inclui bibliografia.
650 ## - ASSUNTO TÓPICO
Cabeçalho tópico ou nome geográfico Previdência social
Subdivisão geral Financiamento
Subdivisão geográfica Brasil
650 ## - ASSUNTO TÓPICO
Cabeçalho tópico ou nome geográfico Reforma tributária
Subdivisão geográfica Brasil
650 ## - ASSUNTO TÓPICO
Cabeçalho tópico ou nome geográfico Regime geral de previdência social
650 ## - ASSUNTO TÓPICO
Cabeçalho tópico ou nome geográfico Desoneração
Subdivisão geral Mercado de trabalho
700 1# - ENTRADA SECUNDÁRIA -- NOME PESSOAL
Nome pessoal Varsano, Ricardo
Termo de relação et al.
Cód. do termo explicativo autores
830 #0 - ENTRADA SECUNDÁRIA DE SÉRIE -- TÍTULO UNIFORME
Título uniforme Previdência social
Nome da parte/seção da publicação Estudos
Nº do volume/designação sequencial da série 19
942 ## - ELEMENTOS DE ENTRADA ADICIONAIS (KOHA)
Fonte de classificação ou esquema de arquivamento Classificação Decimal Universal
Tipo de item do Koha Livros
Holdings
Estado: removido Estado: perdido Fonte de classificação ou esquema de arquivamento Estado: danificado Indisponível para empréstimo Localização permanente Localização atual Data de aquisição Total Checkouts Número de Chamada completo Código de barras Date last seen Número do exemplar Preço efetivo a partir de Tipo de item (Koha)
    Classificação Decimal Universal     Biblioteca da Escola Superior de Contas do TCE/MT Biblioteca da Escola Superior de Contas do TCE/MT 13/08/2004   005.521:364.3-624 B823b BIBTCEMT23120336 10/12/2023 Ex. 1 10/12/2023 Livros
    Classificação Decimal Universal     Biblioteca da Escola Superior de Contas do TCE/MT Biblioteca da Escola Superior de Contas do TCE/MT 13/08/2004   005.521:364.3-624 B823b BIBTCEMT23120337 10/12/2023 Ex. 2 10/12/2023 Livros
    Classificação Decimal Universal     Biblioteca da Escola Superior de Contas do TCE/MT Biblioteca da Escola Superior de Contas do TCE/MT 13/08/2004   005.521:364.3-624 B823b BIBTCEMT23120339 10/12/2023 Ex. 3 10/12/2023 Livros

Powered by Koha